| 000 | 00440nam a22001457a 4500 | ||
|---|---|---|---|
| 020 | _a007138281X | ||
| 082 | _a280 SCB | ||
| 100 |
_a Shepard, Steven _965350 |
||
| 245 | _aOptical networking crash course [electronic resource] | ||
| 260 |
_a New York _bMcGraw-Hill _c2001 |
||
| 300 |
_a269 p _b ill., maps.xviii |
||
| 490 | _a McGraw-Hill telecommunications: | ||
| 650 |
_a Optical communications | Computer networks _969316 |
||
| 942 | _cBK | ||
| 999 |
_c576657 _d576657 |
||